Liste des Pokémon tortues et crocodiles - Statistiques

Statistiques générales
  • Ce quiz a été pris 29 fois
  • Le résultat moyen est 19 sur 23
Statistiques - réponses
N° Pokédex Pokémon % Correct
#0007 Carapuce
100%
#0009 Tortank
100%
#0160 Aligatueur
96%
#0008 Carabaffe
96%
#0158 Kaiminus
96%
#0389 Torterra
96%
#0553 Crocorible
91%
#0159 Crocrodil
91%
#0564 Carapagos
87%
#0552 Escroco
87%
#0551 Mascaïman
87%
#0565 Mégapagos
87%
#0387 Tortipouss
87%
#0388 Boskara
83%
#1024 Terapagos
83%
#0324 Chartor
78%
#0909 Chochodile
78%
#0911 Flâmigator
78%
#0776 Boumata
74%
#0910 Crocogril
74%
#0833 Khélocrok
57%
#0834 Torgamord
57%
#0905 Amovénus (Forme Totémique)
43%
Aucun quiz correspondant
Distribution des résultats
% des personnes avec chaque résultat
Percentile par nombre de réponses
Votre historique - résultats
Vous n’avez pas pris ce quiz